Món ăn bài thuốc trị bệnh gan
Sách cung cấp những kiến thức cần thiết về bệnh gan từ cấu tạo, chức năng, biểu hiện của bệnh đến phương pháp điều trị. Ngoài ra, sách còn giúp bạn tìm hiểu những vị thuốc Bắc trong món ăn có tác dụng trị bệnh đạt hiệu quả cao....
Đã lưu trong:
| Príomhúdar: | |
|---|---|
| Formáid: | Leabhar |
| Teanga: | Undetermined |
| Foilsithe: |
Hà Nội
Nhà xuất bản Hà Nội
2009
|
| Ábhair: | |
| Clibeanna: |
Cuir Clib Leis
Gan Chlibeanna, Bí ar an gcéad duine leis an taifead seo a chlibeáil!
|
| Thư viện lưu trữ: | Trung tâm Học liệu Trường Đại học Cần Thơ |
|---|
| LEADER | 00985nam a2200217Ia 4500 | ||
|---|---|---|---|
| 001 | CTU_154071 | ||
| 008 | 210402s9999 xx 000 0 und d | ||
| 020 | |c 30000 | ||
| 082 | |a 613.2 | ||
| 082 | |b X502 | ||
| 100 | |a Xuân Huy | ||
| 245 | 0 | |a Món ăn bài thuốc trị bệnh gan | |
| 245 | 0 | |c Xuân Huy, Hai Linh | |
| 260 | |a Hà Nội | ||
| 260 | |b Nhà xuất bản Hà Nội | ||
| 260 | |c 2009 | ||
| 520 | |a Sách cung cấp những kiến thức cần thiết về bệnh gan từ cấu tạo, chức năng, biểu hiện của bệnh đến phương pháp điều trị. Ngoài ra, sách còn giúp bạn tìm hiểu những vị thuốc Bắc trong món ăn có tác dụng trị bệnh đạt hiệu quả cao. | ||
| 650 | |a Nutrition therapy,Liver,Diet therapy,Cooking for the sick | ||
| 650 | |x Disease | ||
| 904 | |i Bạch Trúc | ||
| 980 | |a Trung tâm Học liệu Trường Đại học Cần Thơ | ||